| 000 | 005150000a22001690004500 | ||
|---|---|---|---|
| 090 |
_aAR _b01786 |
||
| 245 | 1 | 0 | _aBats and pollen: physiological aspects of the syndrome of chiropterophlly |
| 650 | 1 | 4 |
_aFisiología animal _99500 |
| 650 | 1 | 4 |
_aBioquímica _993680 |
| 650 | 1 | 4 |
_aPolen _92547 |
| 650 | 1 | 4 |
_aMurciélagos _92659 |
| 653 |
_gLeptonycteris _eLeptonycteris sanborni |
||
| 041 | 0 | _aInglés | |
| 100 | 1 |
_aHowell, D. J. _995228 |
|
| 942 | _cARTICULO | ||
| 773 | 1 |
_tComp. Biochem. Physiol. _3428 _h48A _q263-276 _d1974 |
|
| 999 |
_c10863 _d10863 |
||